| 000 | 01238cam a22003135i 4500 | ||
|---|---|---|---|
| 999 |
_c27876 _d27847 |
||
| 001 | 017668166 | ||
| 003 | EG-ScBUE | ||
| 005 | 20191203104744.0 | ||
| 008 | 151123s2016 enka f b 001 0 eng d | ||
| 020 | _a9781138937246 (hbk.) | ||
| 040 |
_aStDuBDS _beng _erda _cStDuBDS _dUk _dEG-ScBUE |
||
| 043 |
_aaw----- _ama----- |
||
| 082 | 0 | 4 |
_a327.09174927 _bSTR _222 |
| 245 | 0 | 4 |
_aThe struggle for influence in the Middle East : _bthe Arab uprisings and foreign assistance / _cedited by Federica Bicchi, Benoit Challand and Steven Heydemann. |
| 264 | 1 |
_aAbingdon, Oxon ; _aNew York : _bRoutledge / Taylor & Francis Group, _c2016. |
|
| 300 |
_aviii, 183 pages ; _billustrations ; _c24 cm |
||
| 336 |
_atext _btxt _2rdacontent |
||
| 337 |
_aunmediated _bn _2rdamedia |
||
| 338 |
_avolume _bnc _2rdacarrier |
||
| 504 | _aIncludes bibliographical references and index. | ||
| 651 | 7 |
_aMiddle East _xPolitics and government _y21st century. _2BUEsh |
|
| 651 | 7 |
_aArab countries _xPolitics and government _y21st century. _2BUEsh |
|
| 653 |
_bMASPPSS _bBUSBOL _cNovember2019 |
||
| 655 | _vReading book | ||
| 700 | 1 |
_aBicchi, Federica, _eeditor. |
|
| 700 | 1 |
_aChalland, BenoƮt, _d1972- _eeditor. |
|
| 700 | 1 |
_aHeydemann, Steven, _eeditor. |
|
| 942 |
_2ddc _cBB |
||